[Event "Victoria Saanich inv III B"]
[Site "Victoria"]
[Date "2017.10.08"]
[Round "4.2"]
[White "Deimert, Elroy"]
[Black "Tate, Bill"]
[Result "0-1"]
[WhiteElo "1519"]
[BlackElo "1672"]
[PlyCount "98"]
[EventDate "2017.10.07"]
[EventType "tourn"]
[EventRounds "5"]
[EventCountry "CAN"]
[SourceTitle "EXT 2022"]
[Source "ChessBase"]
[SourceDate "2021.10.06"]
[SourceVersion "1"]
[SourceVersionDate "2021.10.06"]
[SourceQuality "1"]

1. e4 e6 2. d4 d5 3. exd5 exd5 4. Bd3 Nf6 5. Nc3 c6 6. Nf3 Bd6 7. Bg5 Be6 8. Qe2 h6 9. Bh4 Qe7 10. Bg3 Bxg3 11. hxg3 Nbd7 12. a3 0-0-0 13. Ne5 Nxe5 14. dxe5 Nd7 15. b4 Qg5 16. Rh5 Qe7 17. f4 g6 18. Rh1 h5 19. Qf2 Nb6 20. Ne2 Kb8 21. Nd4 Nc4 22. c3 Qc7 23. a4 Bg4 24. b5 c5 25. Nc2 Nxe5 26. fxe5 Qxe5+ 27. Kd2 d4 28. c4 Qg5+ 29. Qf4+ Qxf4+ 30. gxf4 h4 31. Rag1 f5 32. Ne1 Rde8 33. Rf1 Re3 34. Nf3 h3 35. gxh3 Bxf3 36. Rhg1 Rxh3 37. Rf2 Bg4 38. Rgg2 Rxd3+ 39. Kc2 Rc3+ 40. Kb2 Rxc4 41. Rh2 Rcc3 42. Rxh3 Rxh3 43. a5 c4 44. Rf1 Rb3+ 45. Ka2 Rxb5 46. Re1 Rxa5+ 47. Kb1 Rc5 48. Re8+ Rc8 49. Re6 Bh5 0-1

[Event "Canadian op U2000"]
[Site "Windsor"]
[Date "2016.07.15"]
[Round "6.39"]
[White "Humphreys, Stephen"]
[Black "Deimert, Elroy"]
[Result "1-0"]
[WhiteElo "1647"]
[BlackElo "1612"]
[PlyCount "141"]
[EventDate "2016.07.10"]
[EventType "swiss"]
[EventRounds "9"]
[EventCountry "CAN"]
[SourceTitle "EXT 2022"]
[Source "ChessBase"]
[SourceDate "2021.10.06"]
[SourceVersion "1"]
[SourceVersionDate "2021.10.06"]
[SourceQuality "1"]

1. d4 Nf6 2. c4 g6 3. Nc3 Bg7 4. Nf3 0-0 5. Bg5 d6 6. e3 Nc6 7. Be2 e5 8. 0-0 h6 9. Bh4 Bf5 10. h3 Re8 11. d5 Ne7 12. Rc1 g5 13. Bg3 Bg6 14. Nd2 Nf5 15. Bh2 c6 16. dxc6 bxc6 17. Nf3 Rb8 18. b3 Qe7 19. c5 Rbd8 20. cxd6 Rxd6 21. Qe1 Nd7 22. Na4 Nb6 23. Nc5 Rd5 24. b4 e4 25. Nd2 Nd6 26. Ndb3 Rd8 27. Rc2 f5 28. Qc1 Bf7 29. Rd1 Rxd1+ 30. Bxd1 Nd5 31. Bxd6 Rxd6 32. a3 Nc3 33. Be2 Nxe2+ 34. Rxe2 Qd8 35. Re1 Qe7 36. Rd1 Bd5 37. Nd4 Qf7 38. Ne2 Bf8 39. Kf1 h5 40. Kg1 Rd8 41. Nb3 Be7 42. Na5 Rc8 43. Qd2 Bd8 44. Rc1 Bxa5 45. bxa5 c5 46. Nc3 Bc4 47. Na4 a6 48. Nb6 Be6 49. Nxc8 Bxc8 50. Qd8+ Qf8 51. Qxf8+ Kxf8 52. Rxc5 Bd7 53. Rd5 Ke7 54. h4 Ke6 55. Rd4 g4 56. Kf1 Bb5+ 57. Ke1 Ke5 58. g3 Ke6 59. Kd2 Ke5 60. Kc3 Ke6 61. Kb4 Ke5 62. Kc5 Ke6 63. Kb6 Ke5 64. Rd1 Ke6 65. Rd8 Ke7 66. Rh8 Ke6 67. Rxh5 Kf6 68. Rh8 Ke6 69. Ra8 Kd6 70. Rxa6 Bxa6 71. Kxa6 1-0

[Event "Canadian op U2000"]
[Site "Windsor"]
[Date "2016.07.13"]
[Round "4.40"]
[White "Cui, Cynthia"]
[Black "Deimert, Elroy"]
[Result "1/2-1/2"]
[WhiteElo "1700"]
[BlackElo "1612"]
[PlyCount "117"]
[EventDate "2016.07.10"]
[EventType "swiss"]
[EventRounds "9"]
[EventCountry "CAN"]
[SourceTitle "EXT 2022"]
[Source "ChessBase"]
[SourceDate "2021.10.06"]
[SourceVersion "1"]
[SourceVersionDate "2021.10.06"]
[SourceQuality "1"]

1. c4 Nf6 2. g3 g6 3. Bg2 Bg7 4. Nc3 0-0 5. Nf3 d6 6. 0-0 e5 7. d3 Nc6 8. a3 Ne7 9. Qc2 Nf5 10. Rb1 Bd7 11. b4 Qc8 12. e3 Re8 13. d4 Bc6 14. d5 Bd7 15. e4 Nd4 16. Nxd4 exd4 17. Ne2 Bh3 18. Nxd4 Bxg2 19. Kxg2 Nxe4 20. Bb2 Ng5 21. Qd1 Qh3+ 22. Kh1 Re7 23. Bc1 Ne4 24. Ne2 Qf5 25. Bf4 Rae8 26. Nd4 Nxf2+ 27. Rxf2 Re1+ 28. Qxe1 Rxe1+ 29. Rxe1 Bxd4 30. Bh6 Qd7 31. Rfe2 Be5 32. c5 f6 33. Bf4 Qf7 34. cxd6 cxd6 35. Rd1 g5 36. Bxe5 fxe5 37. Re3 Qf2 38. Rde1 Qd2 39. R3e2 Qxd5+ 40. Kg1 Qd3 41. Re3 Qd4 42. Kg2 g4 43. R3e2 h5 44. Rf2 Kg7 45. Ref1 Qd5+ 46. Kg1 Qd4 47. Kg2 Qe4+ 48. Kg1 Qg6 49. Rd1 b6 50. Rfd2 Qe4 51. Rxd6 Qe3+ 52. Kh1 Qxa3 53. Rd7+ Kf6 54. R7d6+ Ke7 55. Rd7+ Ke6 56. R7d6+ Kf5 57. Rf1+ Ke4 58. Re1+ Kf5 59. Rf1+ 1/2-1/2

[Event "Canadian op U2000"]
[Site "Windsor"]
[Date "2016.07.11"]
[Round "2.35"]
[White "Deimert, Elroy"]
[Black "White, Chris"]
[Result "0-1"]
[WhiteElo "1612"]
[BlackElo "1788"]
[PlyCount "74"]
[EventDate "2016.07.10"]
[EventType "swiss"]
[EventRounds "9"]
[EventCountry "CAN"]
[SourceTitle "EXT 2022"]
[Source "ChessBase"]
[SourceDate "2021.10.06"]
[SourceVersion "1"]
[SourceVersionDate "2021.10.06"]
[SourceQuality "1"]

1. e4 e6 2. d4 d5 3. exd5 exd5 4. Nf3 Bd6 5. Nc3 Ne7 6. Bd3 c6 7. h3 Bf5 8. Bg5 Bxd3 9. Qxd3 Qc7 10. 0-0-0 f6 11. Bd2 Nd7 12. Rde1 0-0-0 13. Re3 Ng6 14. Rhe1 Nb6 15. Qf5+ Qd7 16. Qxd7+ Kxd7 17. g3 Nc4 18. R3e2 Ne7 19. Bf4 Bxf4+ 20. gxf4 Rhe8 21. b3 Nd6 22. a4 Ng6 23. Rxe8 Rxe8 24. Rxe8 Kxe8 25. Ne2 Ne4 26. h4 Nxf2 27. h5 Ne7 28. Ng3 Ne4 29. Nxe4 dxe4 30. Nh4 f5 31. c4 g6 32. hxg6 hxg6 33. Kd2 Kd7 34. b4 b5 35. axb5 cxb5 36. Kc3 e3 37. Ng2 e2 0-1

[Event "Trumpeter Classic op"]
[Site "Grande Prairie"]
[Date "2010.01.31"]
[Round "4"]
[White "Deimert, Elroy"]
[Black "Zeggelaar, Mike"]
[Result "1-0"]
[WhiteElo "1720"]
[BlackElo "1864"]
[PlyCount "83"]
[EventDate "2010.01.30"]
[EventType "swiss"]
[EventRounds "5"]
[EventCountry "CAN"]
[SourceTitle "EXT 2011"]
[Source "ChessBase"]
[SourceDate "2010.11.26"]
[SourceVersion "1"]
[SourceVersionDate "2010.11.26"]
[SourceQuality "1"]

1. e4 e5 2. Nf3 Nc6 3. Nc3 f5 4. d4 exd4 5. Nxd4 d6 6. Bb5 Bd7 7. 0-0 Nf6 8. Bg5 Be7 9. Bc4 Ne5 10. Bb3 Nf7 11. Bxf7+ Kxf7 12. exf5 Rf8 13. Re1 Kg8 14. Ne6 Bxe6 15. Rxe6 h6 16. Bh4 Qd7 17. Nd5 Rae8 18. Nf4 Bd8 19. Rxe8 Rxe8 20. Ne6 Qb5 21. Nxd8 Rxd8 22. Bxf6 gxf6 23. Qg4+ Kf8 24. Qg6 Qe5 25. Qxh6+ Kg8 26. Qg6+ Kh8 27. h4 Rd7 28. Qh6+ Kg8 29. Qe3 Qxf5 30. Qe8+ Kh7 31. Re1 Rg7 32. Re7 Qg4 33. g3 Qd1+ 34. Kg2 Qd5+ 35. f3 Qd2+ 36. Kh3 Qd5 37. Rxg7+ Kxg7 38. Qe7+ Kg8 39. Qxf6 Qxa2 40. Qd8+ Kh7 41. Qxc7+ Kg8 42. Qc8+ 1-0

[Event "Canadian op"]
[Site "Edmonton"]
[Date "2009.07.11"]
[Round "1.61"]
[White "Yearwood, Roy"]
[Black "Deimert, Elroy"]
[Result "1-0"]
[WhiteElo "2079"]
[BlackElo "1580"]
[PlyCount "57"]
[EventDate "2009.07.11"]
[EventType "swiss"]
[EventRounds "9"]
[EventCountry "CAN"]
[SourceTitle "EXT 2022"]
[Source "ChessBase"]
[SourceDate "2021.10.06"]
[SourceVersion "1"]
[SourceVersionDate "2021.10.06"]
[SourceQuality "1"]

1. e4 d5 2. e5 c5 3. d4 cxd4 4. Nf3 Bg4 5. Qxd4 Bxf3 6. gxf3 Nc6 7. Qa4 Qa5+ 8. Qxa5 Nxa5 9. Nc3 e6 10. Nb5 Kd8 11. Be3 Nc6 12. 0-0-0 Nge7 13. f4 Nf5 14. c4 Nxe3 15. fxe3 Rc8 16. Kb1 Ke8 17. cxd5 exd5 18. Bh3 Rd8 19. Nc7+ Ke7 20. Nxd5+ Ke8 21. Nc7+ Ke7 22. Nb5 g6 23. Rxd8 Nxd8 24. Nxa7 f5 25. Rc1 Ne6 26. Bg2 Kf7 27. Bd5 Bb4 28. Rc7+ Be7 29. Nc8 1-0

[Event "Grande Prairie Trumpeter op"]
[Site "Grande Prairie"]
[Date "2008.01.27"]
[Round "4"]
[White "Deimert, Elroy"]
[Black "Lefkowitz, Phil"]
[Result "0-1"]
[WhiteElo "1594"]
[BlackElo "1695"]
[PlyCount "92"]
[EventDate "2008.01.26"]
[EventType "swiss"]
[EventRounds "5"]
[EventCountry "CAN"]
[SourceTitle "EXT 2011"]
[Source "ChessBase"]
[SourceDate "2010.11.26"]
[SourceVersion "1"]
[SourceVersionDate "2010.11.26"]
[SourceQuality "1"]

1. e4 c6 2. Nf3 d5 3. exd5 cxd5 4. d4 Bf5 5. Bb5+ Bd7 6. Nc3 Bxb5 7. Nxb5 a6 8. Nc3 e6 9. a3 Bd6 10. Qe2 Nf6 11. Bg5 0-0 12. h4 Be7 13. Qd3 Nbd7 14. Ne5 Nxe5 15. dxe5 Ng4 16. f4 f6 17. exf6 gxf6 18. Qg3 h5 19. Bh6 Rf7 20. f5 e5 21. 0-0-0 d4 22. Ne4 Rh7 23. Bd2 Qd5 24. Bb4 Qxe4 25. Qb3+ Kf8 26. Rde1 Qc6 27. Bd2 Rc8 28. Re2 Qc4 29. Qxc4 Rxc4 30. Rf1 d3 31. Ree1 Rxc2+ 32. Kd1 Rxb2 33. Bb4 Bxb4 34. axb4 Rb1+ 35. Kd2 Rxe1 36. Rxe1 Rd7 37. Re4 Nf2 38. Rc4 Ke7 39. Rc1 Kd8 40. Rf1 Ng4 41. Rf3 b5 42. Rxd3 Rxd3+ 43. Kxd3 Kd7 44. Ke4 Kd6 45. g3 Nh6 46. Kf3 Kd5 0-1

[Event "Trumpeter Classic op"]
[Site "Grande Prairie"]
[Date "2006.01.28"]
[Round "2"]
[White "Pradzinski, Tim"]
[Black "Deimert, Elroy"]
[Result "1-0"]
[WhiteElo "1801"]
[BlackElo "1673"]
[PlyCount "85"]
[EventDate "2006.01.28"]
[EventType "swiss"]
[EventRounds "5"]
[EventCountry "CAN"]
[SourceTitle "EXT 2007"]
[Source "ChessBase"]
[SourceDate "2006.11.23"]
[SourceVersion "1"]
[SourceVersionDate "2006.11.23"]
[SourceQuality "1"]

1. e4 c5 2. Nf3 Nc6 3. d4 cxd4 4. Nxd4 Nf6 5. Nc3 d6 6. Be2 a6 7. 0-0 Qc7 8. Be3 e6 9. Kh1 b5 10. Bg5 Be7 11. Nxc6 Qxc6 12. e5 dxe5 13. Bxf6 Bb7 14. Bf3 Qc7 15. Bxb7 Qxb7 16. Bxe7 Qxe7 17. Qe2 f6 18. Rad1 0-0 19. a3 Rac8 20. Ne4 f5 21. Nd6 Rc5 22. b4 Rd5 23. Rxd5 exd5 24. Nxb5 axb5 25. Qxb5 Qd6 26. Rd1 d4 27. c4 Rc8 28. c5 Qd5 29. Qd3 g6 30. f3 Ra8 31. Rd2 e4 32. fxe4 fxe4 33. Qxd4 Qxd4 34. Rxd4 e3 35. Kg1 Rxa3 36. Kf1 Rb3 37. c6 Rc3 38. b5 Rc5 39. Rd7 Rxb5 40. c7 Rb1+ 41. Ke2 Rb2+ 42. Kxe3 Rb3+ 43. Rd3 1-0

[Event "Canadian op"]
[Site "Edmonton"]
[Date "2005.07.10"]
[Round "2"]
[White "Booth, Kevin"]
[Black "Deimert, Elroy"]
[Result "0-1"]
[WhiteElo "1347"]
[BlackElo "1666"]
[PlyCount "40"]
[EventDate "2005.07.09"]
[EventType "swiss"]
[EventRounds "10"]
[EventCountry "CAN"]
[SourceTitle "CBM 107 Extra"]
[Source "ChessBase"]
[SourceDate "2005.09.01"]
[SourceVersion "1"]
[SourceVersionDate "2005.09.01"]
[SourceQuality "1"]

1. e4 c5 2. Nf3 Nc6 3. Nc3 e5 4. Bc4 Be7 5. d3 Nf6 6. Bb5 d6 7. Nd5 0-0 8. Nxe7+ Qxe7 9. Bg5 Bg4 10. Qd2 Bxf3 11. gxf3 Nd4 12. 0-0-0 Nxb5 13. Rhg1 Kh8 14. Rg2 Rg8 15. Rdg1 Qe6 16. b3 Nh5 17. h4 Nd4 18. Qe3 b5 19. f4 exf4 20. Bxf4 Ne2+ 0-1

[Event "Canadian op"]
[Site "Edmonton"]
[Date "2005.07.10"]
[Round "3"]
[White "Deimert, Elroy"]
[Black "Culjaga, Nikola"]
[Result "0-1"]
[WhiteElo "1666"]
[BlackElo "1927"]
[PlyCount "74"]
[EventDate "2005.07.09"]
[EventType "swiss"]
[EventRounds "10"]
[EventCountry "CAN"]
[SourceTitle "CBM 107 Extra"]
[Source "ChessBase"]
[SourceDate "2005.09.01"]
[SourceVersion "1"]
[SourceVersionDate "2005.09.01"]
[SourceQuality "1"]

1. e4 c5 2. Nf3 a6 3. d4 cxd4 4. c3 dxc3 5. Nxc3 e6 6. Bc4 Bb4 7. 0-0 Qc7 8. Qd3 Nc6 9. a3 Be7 10. Rd1 Nf6 11. Bg5 0-0 12. Qe2 Ng4 13. Bxe7 Nxe7 14. h3 Ne5 15. Ba2 Nxf3+ 16. Qxf3 b5 17. Rac1 Qb7 18. Rd2 f5 19. Rdc2 fxe4 20. Qxe4 Qa7 21. Nd1 Bb7 22. Bxe6+ Kh8 23. Qe5 Ng6 24. Qd6 dxe6 25. Rc7 Rad8 26. Rd7 Rb8 27. Rcc7 Rg8 28. Rf7 Rbd8 29. Rfd7 Qb8 30. Ne3 Rxd7 31. Qxd7 Bd5 32. Ng4 Qe8 33. Qd6 Qf8 34. Qxa6 Qf4 35. Qxb5 Qxc7 36. b4 Qb7 37. Ne3 Qxb5 0-1

[Event "Edmonton Spring Section C"]
[Site "Edmonton"]
[Date "2002.06.16"]
[Round "5"]
[White "Aggarwal, Anil"]
[Black "Deimert, Elroy"]
[Result "0-1"]
[WhiteElo "1211"]
[BlackElo "1548"]
[PlyCount "54"]
[EventDate "2002.06.15"]
[EventType "tourn"]
[EventRounds "5"]
[EventCountry "CAN"]
[SourceTitle "EXT 2022"]
[Source "ChessBase"]
[SourceDate "2021.10.06"]
[SourceVersion "1"]
[SourceVersionDate "2021.10.06"]
[SourceQuality "1"]

1. e4 d6 2. d4 g6 3. Nf3 Bg7 4. Bc4 Nf6 5. Nc3 0-0 6. Ng5 Nc6 7. Nxf7 Rxf7 8. Bxf7+ Kxf7 9. d5 Na5 10. 0-0 Kg8 11. Re1 Qf8 12. Qd2 Bd7 13. Nb5 Nc4 14. Qb4 Bxb5 15. Qxb5 Nb6 16. c3 a6 17. Qa5 Rc8 18. f3 Qf7 19. Qb4 Rf8 20. Be3 Nfd7 21. a4 Ne5 22. Rad1 Nbc4 23. Qxb7 Nxf3+ 24. gxf3 Qxf3 25. Ba7 Qg4+ 26. Kh1 Be5 27. Re2 Qxe2 0-1

[Event "Two Weekends Before Christmas"]
[Site "Edmonton"]
[Date "2001.12.15"]
[Round "1"]
[White "Deimert, Elroy"]
[Black "Huber, Gregory"]
[Result "0-1"]
[WhiteElo "1722"]
[BlackElo "2336"]
[PlyCount "60"]
[EventDate "2001.12.15"]
[EventType "swiss"]
[EventRounds "5"]
[EventCountry "CAN"]
[SourceTitle "EXT 2017"]
[Source "ChessBase"]
[SourceDate "2016.10.25"]
[SourceVersion "1"]
[SourceVersionDate "2016.10.25"]
[SourceQuality "1"]

1. d4 Nf6 2. c4 c5 3. Nf3 cxd4 4. Nxd4 e5 5. Nb3 b6 6. Nc3 Bb4 7. Bg5 h6 8. Bxf6 Qxf6 9. e4 Bb7 10. Bd3 Bxc3+ 11. bxc3 0-0 12. 0-0 Na6 13. Rb1 Rac8 14. Qe2 Nc5 15. Nxc5 Rxc5 16. Rb5 Rfc8 17. Rfb1 R5c7 18. Rd1 Rc5 19. Rdb1 Ba6 20. R5b4 Qe6 21. Ra4 Bxc4 22. Rxa7 Bxd3 23. Qxd3 Rxc3 24. Qd1 Qc4 25. f3 Qc5+ 26. Kf1 Qe3 27. Rb3 Rxb3 28. axb3 Rc1 29. Rxd7 Rxd1+ 30. Rxd1 Qxb3 0-1

[Event "CAN-ch op"]
[Site "Sackville"]
[Date "2001.07.15"]
[Round "10"]
[White "Deimert, Elroy"]
[Black "Fleury, Bruce"]
[Result "0-1"]
[WhiteElo "1783"]
[BlackElo "1669"]
[PlyCount "52"]
[EventDate "2001.07.??"]
[EventType "swiss"]
[EventRounds "10"]
[EventCountry "CAN"]
[SourceTitle "EXT 2006"]
[Source "ChessBase"]
[SourceDate "2005.11.24"]
[SourceVersion "1"]
[SourceVersionDate "2005.11.24"]
[SourceQuality "1"]

1. e4 c5 2. Nf3 d6 3. d4 cxd4 4. Nxd4 Nf6 5. Nc3 a6 6. Be3 Qc7 7. Qd2 e6 8. f3 b5 9. a3 Bb7 10. Bd3 Nbd7 11. Rd1 Be7 12. Qf2 0-0 13. g4 Ne5 14. h4 Rfe8 15. h5 Nfd7 16. h6 g6 17. Ke2 Rac8 18. Rdg1 d5 19. f4 Nxd3 20. cxd3 dxe4 21. dxe4 Nc5 22. Qg2 e5 23. Nf5 exf4 24. Bd4 Nxe4 25. Qh3 Nxc3+ 26. Qxc3 Bb4+ 0-1